Biblioteca y Centro de Documentación

Revista de treball, economia i societat (Registro nro. 25600)

Detalles MARC
000 -CABECERA
Longitud fija campo de control 01727nas a2200469 c 4500
001 - NÚMERO DE CONTROL
Número de control 25600
003 - IDENTIFICADOR DE NÚMERO DE CONTROL
Identificador del número de control ES-MaCES
005 - FECHA Y HORA DE LA ÚLTIMA TRANSACCIÓN
Fecha y hora de la última transacción 20250410085849.0
007 - PHYSICAL DESCRIPTION FIXED FIELD--GENERAL INFORMAT
Campo fijo de descripción física cr |||||||||||
008 - CAMPO FIJO DE DESCRIPCIÓN FIJA--INFORMACIÓN GENERAL
Códigos de información de longitud fija   961203d19962011sp w| | |spa d
022 1# - ISSN (INTERNATIONAL STANDARD SERIAL NUMBER)
Número Internacional Normalizado para Publicaciones Seriadas 1137-0874
035 ## - NÚMERO DE CONTROL DEL SISTEMA
Número de control del sistema CES19980005814p
Número de control cancelado;no válido 10595
040 ## - FUENTE DE CATALOGACIÓN
Centro catalogador de origen ES-MaCES
Lengua de catalogación spa
Centro transcriptor ES-MaCES
245 00 - MENCIÓN DE TÍTULO
Título Revista de treball, economia i societat
260 ## - PUBLICACIÓN, DISTRIBUCIÓN, ETC (PIE DE IMPRENTA)
Lugar de publicación, distribución, etc. [Castellón]
Nombre del editor, distribuidor, etc. Comité Econòmic i Social de la Comunitat Valenciana
Fecha de publicación, distribución, etc. 1996-2011
300 ## - DESCRIPCIÓN FÍSICA
Extensión v.
Dimensiones 28 cm
310 ## - PERIODICIDAD ACTUAL DE LA PUBLICACIÓN
Periodicidad actual Trimestral a partir del n. 8 (en. 1998)
310 ## - PERIODICIDAD ACTUAL DE LA PUBLICACIÓN
Periodicidad actual Bimestral a partir del n. 3 (feb. 1997)
310 ## - PERIODICIDAD ACTUAL DE LA PUBLICACIÓN
Periodicidad actual Bimensual
362 0# - DATOS DE LA PUBLICACIÓN Y/O DESIGNACIÓN SECUENCIAL
Fecha de publicación y;o designación secuencial N. 1 (nov. 1996)- n. 59 (en. 2011)
500 ## - NOTA GENERAL
Nota general Cerrada la suscripción de la ed. impresa, continua ed. electrónica
500 ## - NOTA GENERAL
Nota general Tít. tomado de la cub.
541 ## - NOTA DE LA FUENTE INMEDIANTE DE ADQUISICIÓN
Forma de adquisición Gratuito
592 ## - CES. NOTA ESTADO DE LA PUBLICACIÓN
Estado publicación Viva
610 24 - ASIENTO SECUNDARIO DE MATERIA--NOMBRE CORPORATIVO
Nombre de entidad corporativa o nombre de jurisdicción como elemento inicial Comité Económico y Social de la Comunidad Valenciana
9 (RLIN) 2189
650 #4 - ASIENTO SECUNDARIO DE MATERIA--TÉRMINO DE MATERIA
Término de materia o nombre geográfico como elemento inicial texto
9 (RLIN) 29624
650 #4 - ASIENTO SECUNDARIO DE MATERIA--TÉRMINO DE MATERIA
Término de materia o nombre geográfico como elemento inicial jurisprudencia
9 (RLIN) 28624
650 #4 - ASIENTO SECUNDARIO DE MATERIA--TÉRMINO DE MATERIA
Término de materia o nombre geográfico como elemento inicial legislación del trabajo
9 (RLIN) 27166
650 #4 - ASIENTO SECUNDARIO DE MATERIA--TÉRMINO DE MATERIA
Término de materia o nombre geográfico como elemento inicial mercado de trabajo
9 (RLIN) 28292
650 #4 - ASIENTO SECUNDARIO DE MATERIA--TÉRMINO DE MATERIA
Término de materia o nombre geográfico como elemento inicial condiciones sociales
9 (RLIN) 30469
650 #4 - ASIENTO SECUNDARIO DE MATERIA--TÉRMINO DE MATERIA
Término de materia o nombre geográfico como elemento inicial condiciones económicas
9 (RLIN) 27081
650 #4 - ASIENTO SECUNDARIO DE MATERIA--TÉRMINO DE MATERIA
Término de materia o nombre geográfico como elemento inicial Valencia (Comunidad Autónoma)
9 (RLIN) 30772
650 #4 - ASIENTO SECUNDARIO DE MATERIA--TÉRMINO DE MATERIA
9 (RLIN) 28369
Término de materia o nombre geográfico como elemento inicial relaciones laborales
653 10 - TÉRMINO DE INDEXACIÓN--NO CONTROLADO
Término no controlado Relaciones laborales-Empleo
710 2# - ENCABEZAMIENTO SECUNDARIO--NOMBRE CORPORATIVO
Nombre de entidad o nombre de jurisdicción como elemento inicial Comité Económico y Social de la Comunida Valenciana
Término indicativo de función col.
9 (RLIN) 2190
853 21 - LEYENDAS Y PATRÓN--UNIDAD BIBLIOGRÁFICA BÁSICA
Segundo nivel de enumeración n.
Primer nivel de cronología año
Segundo nivel de cronología mes
Continuidad en la numeración c
Frecuencia q
856 4# - ACCESO ELECTRÓNICO
Identificador Uniforme del Recurso (URI) <a href="https://www.ces.gva.es/es/contenido/documentos/revistas">https://www.ces.gva.es/es/contenido/documentos/revistas</a>
Texto del enlace texto completo desde n. 60 (2011)
866 #0 - FUENTES TEXTUALES--UNIDAD BIBLIOGRÁFICA BÁSICA
Holdings textuales 1996-2011.
Nota pública Ubicación: DEPÓSITO - 10595
905 ## - CES. DATOS REVISTA
Boletín de sumarios (Sirtex 591$a) Boletín B
Abreviatura boletín RevisDeTreEcoSoc
Proceso +
942 ## - ELEMENTOS KOHA
Fuente de clasificaión o esquema Clasificación propia del CES
Koha [por defecto] tipo de item Periódicas
Parte de clasificación 2.0.
Existencias
Número de registro Signatura completa Tipo de item de Koha
017405 10595 Periódicas
017929 10595 Periódicas
018717 10595 Periódicas
019956 10595 Periódicas
020962 10595 Periódicas
021465 10595 Periódicas
022267 10595 Periódicas
023904 10595 Periódicas
025492 10595 Periódicas
026531 10595 Periódicas
027556 10595 Periódicas
028665 10595 Periódicas
029980 10595 Periódicas
031631 10595 Periódicas
032878 10595 Periódicas
034863 10595 Periódicas
036444 10595 Periódicas
037871 10595 Periódicas
039946 10595 Periódicas
041400 10595 Periódicas
043606 10595 Periódicas
045963 10595 Periódicas
046966 10595 Periódicas
047421 10595 Periódicas
048602 10595 Periódicas
049887 10595 Periódicas
051344 10595 Periódicas
052104 10595 Periódicas
053574 10595 Periódicas
054535 10595 Periódicas
056115 10595 Periódicas
056757 10595 Periódicas
058006 10595 Periódicas
058800 10595 Periódicas
059677 10595 Periódicas
060472 10595 Periódicas
061822 10595 Periódicas
062875 10595 Periódicas
064102 10595 Periódicas
064659 10595 Periódicas
065754 10595 Periódicas
066200 10595 Periódicas
067162 10595 Periódicas
067829 10595 Periódicas
068837 10595 Periódicas
069342 10595 Periódicas
070663 10595 Periódicas
070947 10595 Periódicas
071965 10595 Periódicas
072664 10595 Periódicas
073335 10595 Periódicas
074123 10595 Periódicas
074842 10595 Periódicas
075475 10595 Periódicas
076125 10595 Periódicas
076749 10595 Periódicas
077534 10595 Periódicas
077996 10595 Periódicas
078791 10595 Periódicas
© CES, Consejo Económico y Social de España 2021